[Event "Djerba Open A 2025"]
[Site "Djerba TUN"]
[Date "2025.02.21"]
[Round "7.13"]
[White "Amrane, Abdellah"]
[Black "Rene, Benoit"]
[Result "0-1"]
[WhiteTitle "CM"]
[BlackTitle "FM"]
[WhiteElo "2021"]
[BlackElo "2108"]
[WhiteFideId "7912994"]
[BlackFideId "600636"]
[EventDate "2025.02.16"]

1. e4 c5 2. Nf3 d6 3. d4 cxd4 4. Nxd4 Nf6 5. Nc3 a6 6. Be2 e5 7. Nb3 Be7 8. Be3
Be6 9. f3 O-O 10. Qd2 Nbd7 11. O-O-O b5 12. g4 Nb6 13. Bxb6 Qxb6 14. Nd5 Bxd5
15. exd5 a5 16. Kb1 Rfc8 17. Qd3 a4 18. Nd2 Rc5 19. Ne4 Nxe4 20. Qxe4 Bf8 21. h4
g6 22. h5 Rac8 23. hxg6 hxg6 24. Bd3 Qd8 25. f4 exf4 26. Qxf4 Bg7 27. Rdf1 Qe7
28. Qh2 Qe5 29. Qh7+ Kf8 30. c3 Rxc3 31. bxc3 Rxc3 32. Qh2 Rxd3 33. Qxe5 Bxe5
34. Rd1 Ra3 35. Rc1 b4 36. Rc8+ Ke7 37. Rh7 b3 38. axb3 axb3 39. Kc1 b2+ 40. Kc2
Ra1 41. Rc7+ Kf6 42. Rhxf7+ Kg5 43. Rb7 Rc1+ 44. Kd3 b1=Q+ 45. Rxb1 Rxb1 46. Rf2
Rb3+ 47. Ke4 Rb4+ 48. Kd3 Rxg4 49. Rf7 Rd4+ 50. Ke3 Rxd5 51. Rf1 Ra5 52. Ke4
Ra4+ 53. Kd5 Rg4 54. Ke6 Rg2 55. Kf7 Rg4 56. Rf2 Rf4+ 0-1

[Event "Djerba Open A 2025"]
[Site "Djerba TUN"]
[Date "2025.02.21"]
[Round "7.14"]
[White "Loeffler, Markus"]
[Black "Boulrens, Ala Eddine"]
[Result "0-1"]
[WhiteTitle "IM"]
[WhiteElo "2232"]
[BlackElo "2121"]
[WhiteFideId "4604822"]
[BlackFideId "7907559"]
[EventDate "2025.02.16"]

1. e4 e5 2. Nf3 Nc6 3. Bb5 a6 4. Ba4 Nf6 5. O-O Be7 6. Re1 b5 7. Bb3 O-O 8. a4
d5 9. axb5 dxe4 10. bxc6 exf3 11. Qxf3 e4 12. Qe2 Re8 13. Nc3 Bd6 14. h3 Re5 15.
Ra4 Bxh3 16. Nxe4 Bg4 17. Qe3 Bf5 18. d3 Ng4 19. Qg5 Qxg5 20. Bxg5 Bxe4 21.
Rexe4 Rxg5 22. Rxg4 Rxg4 23. Rxg4 Re8 24. g3 Re5 25. Ra4 a5 26. d4 Rb5 27. Kf1
Kf8 28. Ke2 Rb4 29. Kd3 Rxa4 30. Bxa4 f5 31. Bb3 Ke7 32. c4 Bb4 33. c5 g5 34.
Ke3 Kf6 35. Bd1 h6 36. Bh5 Ke6 37. f4 g4 38. Be8 a4 39. Bd7+ Kf6 40. Kd3 h5 41.
Kc4 Be1 42. d5 Bxg3 43. d6 Bxf4 44. Kd5 g3 45. Kd4 0-1

[Event "Djerba Open A 2025"]
[Site "Djerba TUN"]
[Date "2025.02.21"]
[Round "7.15"]
[White "Zounani, Yacine"]
[Black "Doucet, Pierre-Alois"]
[Result "1-0"]
[WhiteElo "2132"]
[BlackElo "2027"]
[WhiteFideId "20695594"]
[BlackFideId "551065738"]
[EventDate "2025.02.16"]

1. d4 Nf6 2. c4 e6 3. g3 d5 4. Nf3 dxc4 5. Bg2 Nbd7 6. O-O c6 7. a4 b6 8. Qc2
Ba6 9. Rd1 Nd5 10. Nfd2 Nb4 11. Qc3 Nd5 12. Qc2 Nb4 13. Qc3 Rc8 14. Nxc4 c5 15.
dxc5 Rxc5 16. Qxb4 Bxc4 17. Qe1 Qc8 18. Be3 Ra5 19. Qc3 Ba6 20. Bc6 Rc5 21. Bxc5
Qxc6 22. Bxf8 Qxc3 23. Nxc3 Rxf8 24. Nb5 Ke7 25. Nxa7 Bxe2 26. Rd2 Bf3 27. b4
Ne5 28. Nb5 Bh5 29. Nd4 Rd8 30. Kf1 Bg4 31. f4 Bh3+ 32. Ke2 Bg4+ 33. Kf2 Rxd4
34. Rxd4 Nc6 35. Rc4 Kd6 36. h3 1-0

[Event "Djerba Open A 2025"]
[Site "Djerba TUN"]
[Date "2025.02.21"]
[Round "7.16"]
[White "Chelly, Yahya"]
[Black "Cornileau, Juliette"]
[Result "1-0"]
[BlackTitle "WFM"]
[WhiteElo "2106"]
[BlackElo "2144"]
[WhiteFideId "5516200"]
[BlackFideId "36083372"]
[EventDate "2025.02.16"]

1. d4 Nf6 2. c4 e6 3. a3 d5 4. Nc3 c6 5. e3 Nbd7 6. Nf3 Bd6 7. Bd3 dxc4 8. Bxc4
b5 9. Bd3 Bb7 10. O-O O-O 11. Qc2 a6 12. b4 a5 13. Rb1 axb4 14. axb4 Qe7 15. e4
e5 16. Ne2 Ra4 17. dxe5 Nxe5 18. Nxe5 Bxe5 19. f4 Bc7 20. Nc3 Bb6+ 21. Kh1 Raa8
22. e5 Ng4 23. Bxh7+ Kh8 24. Bf5 Qh4 25. Bxg4 Qxg4 26. Rf3 c5 27. Ne4 c4 28. Bb2
c3 29. Bxc3 Ra2 30. Qxa2 Bxe4 31. Rg3 Qxf4 32. e6 Qxg3 33. hxg3 fxe6 34. Qxe6
Bxb1 35. Qh6+ 1-0

[Event "Djerba Open A 2025"]
[Site "Djerba TUN"]
[Date "2025.02.22"]
[Round "8.1"]
[White "Zaibi, Amir"]
[Black "Velten, Paul"]
[Result "1/2-1/2"]
[WhiteTitle "GM"]
[BlackTitle "GM"]
[WhiteElo "2352"]
[BlackElo "2505"]
[WhiteFideId "5500796"]
[BlackFideId "681091"]
[EventDate "2025.02.16"]

1. c4 e5 2. e3 Nf6 3. Nc3 Bb4 4. Nge2 O-O 5. a3 Bxc3 6. Nxc3 d5 7. cxd5 Nxd5 8.
Qc2 Nxc3 9. Qxc3 Qd5 10. b4 Bh3 11. f3 Be6 12. Bb2 Nd7 13. Rc1 c6 14. Bc4 Qxc4
15. Qxc4 Bxc4 16. Rxc4 Nb6 17. Rc2 Rfe8 18. Ke2 Nd5 19. b5 cxb5 20. Rc5 Rad8 21.
Rxb5 b6 22. Rc1 f6 23. a4 Rd7 24. Rb3 Kf7 25. Ba3 h5 26. Rc4 g5 27. Rb1 Rg8 28.
Rbc1 g4 29. fxg4 hxg4 30. Rc8 Rdd8 31. Rxd8 Rxd8 32. Kf2 f5 33. Bb2 Nf4 34. Rc7+
Ke6 35. Bc3 Nd5 36. Rc6+ Kd7 37. Rc4 e4 38. Bd4 Kd6 39. Kg3 a6 40. Rc1 Rg8 41.
Rf1 Ke6 42. Rc1 Kd6 43. Kf2 Ra8 44. h4 gxh3 45. gxh3 f4 46. Rg1 Rf8 47. Rg6+ Kd7
48. Rg7+ Kc6 49. Rg6+ Kd7 50. exf4 Rxf4+ 51. Kg3 Rf3+ 52. Kg4 Rd3 53. Be3 Nxe3+
54. dxe3 Rxe3 55. Rxb6 Re1 56. Rxa6 e3 57. Kf3 e2 58. Ke4 1/2-1/2

[Event "Djerba Open A 2025"]
[Site "Djerba TUN"]
[Date "2025.02.22"]
[Round "8.2"]
[White "Sambuev, Bator"]
[Black "Debray, Christopher"]
[Result "1-0"]
[WhiteTitle "GM"]
[BlackTitle "IM"]
[WhiteElo "2416"]
[BlackElo "2320"]
[WhiteFideId "4128290"]
[BlackFideId "630810"]
[EventDate "2025.02.16"]

1. d4 d5 2. c4 e6 3. Nc3 Nf6 4. cxd5 exd5 5. Bg5 c6 6. e3 Be6 7. Bd3 Nbd7 8. h3
Be7 9. Qc2 g6 10. Nge2 Nh5 11. Bh6 Bg5 12. Bxg5 Qxg5 13. g4 Ng7 14. O-O-O h5 15.
f4 Qf6 16. Rhg1 hxg4 17. hxg4 O-O-O 18. Rdf1 Nb6 19. f5 gxf5 20. gxf5 Bd7 21.
Kb1 Qh6 22. a4 Kb8 23. a5 Nc8 24. a6 b6 25. Nxd5 cxd5 26. Rxg7 Qxg7 27. Rc1 Nd6
28. Qc7+ Ka8 29. Qxd6 Bb5 30. Rc8+ Rxc8 31. Bxb5 f6 32. Bc6+ Rxc6 33. Qxc6+ Kb8
34. Nc3 Qc7 35. Qxd5 Qc8 36. Qd6+ Ka8 37. Qxf6 Rh1+ 38. Kc2 Rf1 39. Qe6 Qxa6 40.
f6 Rf2+ 41. Kb3 Kb8 42. Qe5+ Ka8 43. Qe8+ Kb7 44. Nb5 Rxf6 45. Qe7+ Kb8 46. Qd8+
Kb7 47. Qd7+ Kb8 48. d5 Rf3 49. Qd6+ Kb7 50. Qe7+ Kb8 51. Qe5+ Kb7 52. Nd6+ Kb8
53. Qe8+ Kc7 54. Qe7+ 1-0

[Event "Djerba Open A 2025"]
[Site "Djerba TUN"]
[Date "2025.02.22"]
[Round "8.3"]
[White "Boudriga, Mohamed Ali"]
[Black "Thorfinnsson, Bjorn"]
[Result "1-0"]
[WhiteTitle "IM"]
[BlackTitle "IM"]
[WhiteElo "2323"]
[BlackElo "2377"]
[WhiteFideId "5500460"]
[BlackFideId "2300982"]
[EventDate "2025.02.16"]

1. e4 e5 2. Nf3 Nc6 3. Bb5 Nge7 4. O-O Ng6 5. Re1 Be7 6. c3 O-O 7. d4 exd4 8.
cxd4 d5 9. exd5 Nb4 10. a3 Nxd5 11. Nc3 c6 12. Bf1 Re8 13. Bd2 Be6 14. Ne4 Qb6
15. h3 a5 16. Qc2 Bf5 17. Bd3 Ndf4 18. Bc4 Be6 19. Bxf4 Bxc4 20. Qxc4 Nxf4 21.
Nc5 Nd5 22. Nd7 Qd8 23. Nde5 Bd6 24. Qb3 Qb6 25. Qc2 f6 26. Nc4 Qc7 27. Re4 Bf8
28. Rae1 Rxe4 29. Qxe4 Qd7 30. h4 b5 31. Ncd2 g6 32. h5 gxh5 33. Nf1 Qg4 34. Qc2
Rc8 35. Re4 Qd7 36. Ng3 Re8 37. Nxh5 Rxe4 38. Qxe4 Bg7 39. Nh4 Ne7 40. Ng3 Bf8
41. Ngf5 Ng6 42. Qg4 Qe8 43. g3 b4 44. a4 Qe1+ 45. Kg2 Qe8 46. b3 Kf7 47. Ne3
Qe6 48. Qxe6+ Kxe6 49. Nhf5 Ne7 50. Nxe7 Bxe7 51. Kf3 Bd6 52. Ke4 Bc7 53. g4 Bb6
54. f4 Bc7 55. f5+ Kd7 56. Nc4 Bd8 57. d5 Bc7 58. Kd4 Bd8 59. Kc5 Be7+ 60. d6
Bd8 61. Nd2 1-0

[Event "Djerba Open A 2025"]
[Site "Djerba TUN"]
[Date "2025.02.22"]
[Round "8.4"]
[White "Amdouni, Zoubaier"]
[Black "Willems, Niels"]
[Result "1-0"]
[WhiteTitle "FM"]
[BlackTitle "FM"]
[WhiteElo "2229"]
[BlackElo "2414"]
[WhiteFideId "5500419"]
[BlackFideId "20695586"]
[EventDate "2025.02.16"]

1. e4 c6 2. d4 d5 3. exd5 cxd5 4. Bd3 Nc6 5. c3 Nf6 6. Bf4 Bg4 7. Qb3 Qd7 8. Nd2
e6 9. Ngf3 Bd6 10. Bxd6 Qxd6 11. O-O O-O 12. Rfe1 Ne7 13. Ne5 Bf5 14. Bxf5 Nxf5
15. Qxb7 Rab8 16. Qxa7 Rxb2 17. Nb3 Ne4 18. Rxe4 dxe4 19. Nc4 Qc6 20. Nxb2 Qxc3
21. Na4 Qc2 22. Qc5 Qe2 23. Nc3 Qg4 24. h3 Qg6 25. Qe5 1-0

[Event "Djerba Open A 2025"]
[Site "Djerba TUN"]
[Date "2025.02.22"]
[Round "8.5"]
[White "Kakavand, Ramtin"]
[Black "Pichon, Ewen"]
[Result "0-1"]
[WhiteTitle "FM"]
[BlackTitle "FM"]
[WhiteElo "2106"]
[BlackElo "2351"]
[WhiteFideId "32790597"]
[BlackFideId "45155593"]
[EventDate "2025.02.16"]

1. e4 e5 2. Nf3 Nc6 3. Bb5 a6 4. Ba4 f5 5. d3 fxe4 6. dxe4 Nf6 7. O-O d6 8. Nc3
Be7 9. h3 O-O 10. Re1 Kh8 11. Nd5 b5 12. Bb3 Na5 13. Nxf6 Bxf6 14. Be3 Nxb3 15.
axb3 Qe8 16. Nh2 Qg6 17. Ng4 Bh4 18. Kh1 Bb7 19. f3 Bxe1 20. Qxe1 h5 21. Qh4 Kg8
22. Nh2 d5 23. exd5 Bxd5 24. c4 Bb7 25. Qe7 Qd6 26. Qh4 Qd3 27. Re1 Qf5 28. Nf1
Rad8 29. Ng3 Qg6 30. Kh2 Rd3 31. cxb5 axb5 32. b4 Bxf3 33. gxf3 Rxf3 34. Nf1
Rxf1 35. Rxf1 Rxe3 36. Rf2 Rd3 37. Rg2 Qf5 38. Rg5 Rd2+ 39. Rg2 Qf4+ 40. Qxf4
Rxg2+ 41. Kxg2 exf4 42. h4 Kf7 43. Kf3 Kf6 0-1

[Event "Djerba Open A 2025"]
[Site "Djerba TUN"]
[Date "2025.02.22"]
[Round "8.6"]
[White "Hallal, Tarik"]
[Black "Stopa, Jacek"]
[Result "1/2-1/2"]
[BlackTitle "GM"]
[WhiteElo "2083"]
[BlackElo "2310"]
[WhiteFideId "7924887"]
[BlackFideId "1119591"]
[EventDate "2025.02.16"]

1. e4 e6 2. d4 d5 3. Nc3 Nf6 4. Bg5 dxe4 5. Nxe4 Be7 6. Bxf6 gxf6 7. Nf3 f5 8.
Nc3 a6 9. Qd2 b5 10. O-O-O Bb7 11. Kb1 b4 12. Ne2 Nd7 13. Nf4 Nf6 14. Ne5 Bd6
15. Qe1 Qe7 16. Bc4 Bxe5 17. Qxe5 O-O-O 18. f3 Nd7 19. Qa5 Qd6 20. Nd3 Rhg8 21.
Nxb4 Rxg2 22. Bxa6 Qb6 23. Qa4 Bxa6 24. Nxa6 Kb7 25. Nb4 c6 26. Qb3 c5 27. dxc5
Nxc5 28. Qc4 Rxh2 29. Rhe1 Rhd2 30. Rxd2 Rxd2 31. b3 Qd6 32. a4 Rd4 33. Qb5+ Qb6
34. Nc6 Qxb5 35. axb5 Rf4 36. Rh1 Kb6 37. Rh2 h6 38. Rxh6 Kxb5 39. Rh7 Kb6 40.
Na7 Rxf3 41. Rxf7 1/2-1/2

[Event "Djerba Open A 2025"]
[Site "Djerba TUN"]
[Date "2025.02.22"]
[Round "8.7"]
[White "Filali, Razzouki Marouane"]
[Black "Achour, Mohamed Anis"]
[Result "1/2-1/2"]
[WhiteTitle "CM"]
[WhiteElo "2234"]
[BlackElo "2066"]
[WhiteFideId "9003720"]
[BlackFideId "7904649"]
[EventDate "2025.02.16"]

1. e4 e5 2. Nf3 Nc6 3. Bc4 Nf6 4. Ng5 d5 5. exd5 Na5 6. Bb5+ c6 7. dxc6 bxc6 8.
Bd3 Nd5 9. Nf3 Bd6 10. O-O O-O 11. Re1 f5 12. Nxe5 Qf6 13. Nf3 g5 14. c4 Nf4 15.
Bf1 g4 16. d4 gxf3 17. Qxf3 Ne6 18. Qc3 Bc7 19. b4 Nb7 20. c5 Ng7 21. Bb2 Be6
22. Nd2 Bd5 23. Nf3 Qf7 24. Ne5 Bxe5 25. Rxe5 Rfe8 26. Rae1 Rxe5 27. Rxe5 Re8
28. Rxe8+ 1/2-1/2

[Event "Djerba Open A 2025"]
[Site "Djerba TUN"]
[Date "2025.02.22"]
[Round "8.8"]
[White "Bouzidi, Ahmed"]
[Black "Kadi, Mohamed El Mouldi"]
[Result "1/2-1/2"]
[WhiteTitle "CM"]
[WhiteElo "2168"]
[BlackElo "2070"]
[WhiteFideId "5501733"]
[BlackFideId "7901127"]
[EventDate "2025.02.16"]

1. e4 c5 2. c3 Nf6 3. e5 Nd5 4. d4 e6 5. Nf3 d6 6. Bd3 cxd4 7. cxd4 Nc6 8. O-O
Be7 9. Nc3 Nxc3 10. bxc3 dxe5 11. dxe5 O-O 12. Qe2 f6 13. exf6 Bxf6 14. Ba3 Rf7
15. Qe4 g6 16. Rfd1 Qa5 17. Bb2 Bd7 18. Bc4 Re8 19. Bb3 Qf5 20. Qe2 Na5 21. Nd4
Bxd4 22. Rxd4 Nxb3 23. axb3 a6 24. c4 Bc6 25. Re1 e5 26. Rd3 Ref8 27. Rf1 Re8
28. Re3 Qg5 29. Rg3 Qf4 30. Rg4 Qf5 31. h3 Rd7 32. Rg3 Qf4 33. Bc3 Rf7 34. Rg4
Qf5 35. Qe3 Rd7 36. Rg3 Qf4 37. Re1 Qxe3 38. Rgxe3 e4 39. f4 Rd3 40. Rxd3 exd3
41. Be5 Rd8 42. Bc3 d2 43. Rd1 Rd3 44. Bxd2 Rg3 45. Be1 Rxg2+ 46. Kf1 Rb2 47.
Rd3 Kf7 48. Re3 Bg2+ 49. Kg1 Bc6 50. Ba5 h6 51. Bb6 Rc2 52. Bd4 Bd7 53. h4 h5
54. Bb6 Rd2 55. Bd8 Be6 56. Bg5 Rb2 57. Rc3 Ke8 58. Kf1 Rxb3 59. Rc2 Rb4 60. c5
Rc4 61. Rb2 Rxc5 62. Rxb7 Bf5 63. Ke2 Rc3 64. Re7+ Kf8 65. Ra7 Rb3 66. Kd2 Ke8
67. Rxa6 Rf3 68. Ra7 Rh3 69. Re7+ Kf8 70. Re5 Rd3+ 71. Ke2 Rb3 72. Kf2 Rd3 73.
Be7+ Kf7 74. Bc5 Rd7 75. Be3 Rb7 76. Kf3 Rd7 77. Rb5 Rd3 78. Rb6 Rd7 79. Ke2 Rd3
80. Rb4 Ra3 81. Rb7+ Ke6 82. Bc5 Rh3 83. Re7+ Kd5 84. Re5+ Kc4 85. Bf2 Rh2 86.
Kf3 Rh3+ 87. Kg2 Rd3 88. Be3 Rd5 89. Re7 Kd3 90. Kf2 Rb5 91. Re5 Rxe5 92. fxe5
Ke4 93. Bg5 Kxe5 94. Bd8 Kd5 95. Bg5 Ke4 96. Bd8 Ke5 1/2-1/2

[Event "Djerba Open A 2025"]
[Site "Djerba TUN"]
[Date "2025.02.22"]
[Round "8.9"]
[White "Taieb, Sahbi"]
[Black "Maisuradze, Nino"]
[Result "0-1"]
[WhiteTitle "CM"]
[BlackTitle "WGM"]
[WhiteElo "2116"]
[BlackElo "2174"]
[WhiteFideId "5500770"]
[BlackFideId "13601717"]
[EventDate "2025.02.16"]

1. e4 e6 2. d3 c5 3. Nc3 Nc6 4. g3 g6 5. Bg2 Bg7 6. Be3 d6 7. Qd2 Rb8 8. f4 Nge7
9. Nf3 Nd4 10. Nd1 b6 11. c3 Nxf3+ 12. Bxf3 f5 13. O-O O-O 14. Bg2 Bb7 15. exf5
Nxf5 16. Bxb7 Rxb7 17. Bf2 e5 18. Ne3 exf4 19. gxf4 Rbf7 20. Nxf5 Rxf5 21. Bg3
Qf6 22. Rf2 Kh8 23. Raf1 b5 24. Qe3 b4 25. cxb4 Qf7 26. bxc5 dxc5 27. Qe4 Bd4
28. b4 Re8 29. Qc6 cxb4 30. Qd6 Bc5 31. Qa6 g5 32. fxg5 Rf8 33. d4 Bxd4 34. Qe2
Rxg5 35. Qe5+ Qg7 36. Qxg7+ Kxg7 37. Kh1 Bxf2 38. Bxf2 Kg6 39. h4 Rg4 40. Kh2
Kh5 41. Kh3 Rf3+ 42. Kh2 a5 43. a3 b3 44. a4 b2 0-1

[Event "Djerba Open A 2025"]
[Site "Djerba TUN"]
[Date "2025.02.22"]
[Round "8.10"]
[White "Papaux, Steve"]
[Black "Gemelli, Romain"]
[Result "1-0"]
[WhiteElo "2204"]
[BlackElo "2203"]
[WhiteFideId "1337602"]
[BlackFideId "1336401"]
[EventDate "2025.02.16"]

1. h4 e5 2. c3 d5 3. d4 e4 4. Bf4 Bd6 5. Bxd6 Qxd6 6. e3 Nf6 7. c4 dxc4 8. Nc3
O-O 9. Bxc4 Nbd7 10. Nge2 a6 11. Bb3 b5 12. Ng3 Re8 13. h5 Bb7 14. Nf5 Qf8 15.
Rh3 Kh8 16. g4 h6 17. Ne2 Nh7 18. Nf4 Ng5 19. Rg3 Rad8 20. Qc2 c5 21. dxc5 Nxc5
22. Bxf7 Nd3+ 23. Qxd3 exd3 24. Ng6+ Kh7 25. Nxf8+ Rxf8 26. Bg6+ Kg8 27. Nd4 d2+
28. Ke2 Rf3 29. Nxf3 Bxf3+ 30. Rxf3 Nxf3 31. Rd1 Ne5 32. Bf5 1-0

[Event "Djerba Open A 2025"]
[Site "Djerba TUN"]
[Date "2025.02.22"]
[Round "8.11"]
[White "Boulrens, Ala Eddine"]
[Black "Rekik, Ismail"]
[Result "1-0"]
[WhiteElo "2121"]
[BlackElo "2006"]
[WhiteFideId "7907559"]
[BlackFideId "5514100"]
[EventDate "2025.02.16"]

1. e4 c6 2. d4 d5 3. Nc3 dxe4 4. Nxe4 Bf5 5. Ng3 Bg6 6. Nf3 Nd7 7. h4 h6 8. Bd3
Bxd3 9. Qxd3 e6 10. Bf4 Qb6 11. O-O-O O-O-O 12. Ne4 Ngf6 13. Nd6+ Bxd6 14. Bxd6
c5 15. Bh2 Qa5 16. Kb1 Nd5 17. a3 b5 18. c4 bxc4 19. Qxc4 Kb7 20. Rd3 Rc8 21.
Rb3+ Ka8 22. Rb5 N5b6 23. Qe2 Qa6 24. dxc5 Rxc5 25. Qe4+ Nd5 26. Rxc5 Nxc5 27.
Qd4 Nb3 28. Qd1 Nc3+ 29. bxc3 Qxa3 30. Qd6 Qa1+ 31. Kc2 Qa2+ 32. Kd3 Rc8 33. Qb4
a5 34. Qb6 Nc5+ 35. Ke3 Qa3 36. Be5 f6 37. Bd4 e5 38. Bxc5 Qxc3+ 39. Ke4 Qc4+
40. Bd4 Qc2+ 41. Kd5 Qa2+ 42. Kd6 exd4 43. Rb1 Qa3+ 44. Kd7 Qa4+ 45. Rb5 1-0

[Event "Djerba Open A 2025"]
[Site "Djerba TUN"]
[Date "2025.02.22"]
[Round "8.12"]
[White "Viers, Emmanuel"]
[Black "Rene, Benoit"]
[Result "1/2-1/2"]
[BlackTitle "FM"]
[WhiteElo "2072"]
[BlackElo "2108"]
[WhiteFideId "656739"]
[BlackFideId "600636"]
[EventDate "2025.02.16"]

1. Nf3 g6 2. g3 Bg7 3. d4 f5 4. Bg2 Nf6 5. O-O O-O 6. c4 d6 7. Nc3 Nc6 8. d5 Na5
9. Qd3 c5 10. e4 e5 11. dxe6 Bxe6 12. Nd2 Qd7 13. Nd5 Nc6 14. Re1 Rae8 15. f4
Ng4 16. Nb3 Nd4 17. h3 Bxd5 18. cxd5 Nxb3 19. Qxb3 Bd4+ 20. Kf1 Nh2+ 21. Ke2
fxe4 22. Be3 Nf3 23. Bxf3 exf3+ 24. Kxf3 Bxe3 25. Rxe3 Rxe3+ 26. Qxe3 Re8 27.
Qc3 Qxh3 28. Re1 Qh5+ 29. Kf2 Rxe1 30. Qxe1 Qxd5 31. Qe8+ Kg7 32. Qe7+ Qf7 33.
Qxd6 Qxa2 34. Qe7+ Qf7 35. Qxc5 b6 1/2-1/2

[Event "Djerba Open A 2025"]
[Site "Djerba TUN"]
[Date "2025.02.22"]
[Round "8.13"]
[White "Messala, Noureddine"]
[Black "Hoekstra, Peter"]
[Result "1-0"]
[WhiteElo "2069"]
[BlackElo "2000"]
[WhiteFideId "9001476"]
[BlackFideId "1023217"]
[EventDate "2025.02.16"]

1. d4 Nf6 2. Nf3 g6 3. c4 Bg7 4. Nc3 O-O 5. e4 d6 6. Be2 e5 7. O-O Nc6 8. d5 Ne7
9. b4 Nh5 10. Re1 Nf4 11. Bf1 a5 12. Ba3 Bg4 13. h3 Bxf3 14. Qxf3 axb4 15. Bxb4
c5 16. dxc6 Nxc6 17. a3 Ne6 18. Nb5 Ned4 19. Qc3 Nxb4 20. Nxd4 exd4 21. Qxb4 Qd7
22. Reb1 Ra7 23. Rb3 Rfa8 24. Rf3 Ra4 25. Qb3 Qc7 26. c5 d3 27. cxd6 Qxd6 28.
Rd1 Qe7 29. Rdxd3 Rxe4 30. Rde3 Rxe3 31. Rxe3 Qc7 32. Rf3 Rc8 33. Qd5 Rd8 34.
Rxf7 Rxd5 35. Rxc7 Ra5 36. Bc4+ Kf8 37. Rf7+ 1-0

[Event "Djerba Open A 2025"]
[Site "Djerba TUN"]
[Date "2025.02.22"]
[Round "8.14"]
[White "Doucet, Pierre-Alois"]
[Black "Amrane, Abdellah"]
[Result "0-1"]
[BlackTitle "CM"]
[WhiteElo "2027"]
[BlackElo "2021"]
[WhiteFideId "551065738"]
[BlackFideId "7912994"]
[EventDate "2025.02.16"]

1. e4 c5 2. Nf3 d6 3. Bb5+ Nc6 4. O-O Bd7 5. c3 Nf6 6. Re1 a6 7. Ba4 e5 8. d4 b5
9. Bb3 Be7 10. dxe5 dxe5 11. Bd5 O-O 12. Bg5 Nxd5 13. exd5 Bxg5 14. dxc6 Bxc6
15. Qxd8 Bxd8 16. Nxe5 Re8 17. Nd2 Bb7 18. Nd7 Be7 19. Nb3 c4 20. Na5 Bd5 21.
Nb6 Rad8 22. Rad1 Be6 23. Nc6 Rxd1 24. Nxe7+ Rxe7 25. Rxd1 Re8 26. a4 bxa4 27.
Nxa4 a5 28. f3 g6 29. Rd6 Ra8 30. Kf2 Kf8 31. Ke3 Ke7 32. Rd4 Rb8 33. Re4 Kd6
34. Kd4 Kc6 35. Re5 Rd8+ 36. Ke4 Bd5+ 37. Kd4 f6 38. Re7 Kb5 39. b3 cxb3 40. Nb2
Bxf3+ 41. Ke3 Bxg2 42. Rxh7 Bc6 43. Rh4 Re8+ 44. Kd2 Be4 45. c4+ Kb4 46. c5 Kxc5
47. Kc3 Bd5 48. Nd3+ Kd6 49. Ra4 Rc8+ 50. Kd4 Ra8 51. Kc3 g5 52. Kb2 f5 53. h4
Be4 54. Nf2 Bc6 55. Rd4+ Ke5 56. Rc4 Bd5 57. Nd3+ Kd6 58. Rd4 g4 59. Kc3 Rc8+
60. Kb2 Rc2+ 61. Ka3 Ra2# 0-1

[Event "Djerba Open A 2025"]
[Site "Djerba TUN"]
[Date "2025.02.22"]
[Round "8.15"]
[White "Cornileau, Juliette"]
[Black "Zounani, Yacine"]
[Result "1-0"]
[WhiteTitle "WFM"]
[WhiteElo "2144"]
[BlackElo "2132"]
[WhiteFideId "36083372"]
[BlackFideId "20695594"]
[EventDate "2025.02.16"]

1. d4 Nf6 2. c4 c5 3. d5 e6 4. Nc3 exd5 5. cxd5 d6 6. e4 g6 7. Be2 Bg7 8. Nf3
O-O 9. O-O Bg4 10. Nd2 Bxe2 11. Qxe2 Nbd7 12. a4 Qe7 13. Nc4 a6 14. Re1 Ne8 15.
f4 f6 16. Ra3 Nc7 17. Rb3 Rfb8 18. Na5 Ra7 19. f5 Ne5 20. Bf4 Re8 21. Bxe5 Qxe5
22. Nc4 Qe7 23. Rb6 Rd8 24. Qg4 g5 25. Qg3 Ne8 26. Rd1 Bf8 27. e5 fxe5 28. Ne4
h6 29. h4 Nf6 30. Nexd6 Rxd6 31. Rxd6 b5 32. Re6 Qg7 33. Nxe5 Nh5 34. Qg4 Nf4
35. f6 Qc7 36. hxg5 Nxe6 37. Qxe6+ 1-0

[Event "Djerba Open A 2025"]
[Site "Djerba TUN"]
[Date "2025.02.22"]
[Round "8.16"]
[White "Chelly, Yahya"]
[Black "Loeffler, Markus"]
[Result "0-1"]
[BlackTitle "IM"]
[WhiteElo "2106"]
[BlackElo "2232"]
[WhiteFideId "5516200"]
[BlackFideId "4604822"]
[EventDate "2025.02.16"]

1. d4 Nf6 2. c4 e6 3. Nc3 Bb4 4. e3 O-O 5. Bd3 d5 6. Nf3 dxc4 7. Bxc4 c5 8. O-O
cxd4 9. exd4 b6 10. Qe2 Bb7 11. Rd1 Nbd7 12. Bg5 h6 13. Bh4 Be7 14. Rac1 Re8 15.
Ne5 Nd5 16. Bg3 Bg5 17. Ra1 Nxe5 18. Qxe5 Rc8 19. Bb5 Bf6 20. Qh5 g6 21. Qh3
Nxc3 22. bxc3 Re7 23. Bf4 h5 24. Rac1 a6 25. Bf1 b5 26. a4 bxa4 27. Qe3 Qa5 28.
c4 e5 29. dxe5 Bxe5 30. Bxe5 Rxe5 31. Qa3 Rf5 32. Qe7 Bc6 33. Rc2 Qc5 34. Qh4
Re8 35. Rcd2 Kg7 36. Qg3 Rg5 37. Qc3+ Qe5 38. Qa3 Qe4 39. Qb2+ Kh7 40. f3 Qxf3
41. Ra1 Qe3+ 42. Kh1 h4 43. Rf2 Re7 44. Re2 Qc5 45. Rxe7 Qxe7 46. Qc3 Qe5 47.
Qa3 h3 48. Qa2 hxg2+ 0-1

[Event "Djerba Open A 2025"]
[Site "Djerba TUN"]
[Date "2025.02.23"]
[Round "9.1"]
[White "Sambuev, Bator"]
[Black "Zaibi, Amir"]
[Result "1-0"]
[WhiteTitle "GM"]
[BlackTitle "GM"]
[WhiteElo "2416"]
[BlackElo "2352"]
[WhiteFideId "4128290"]
[BlackFideId "5500796"]
[EventDate "2025.02.16"]

1. d4 d5 2. c4 e6 3. Nc3 Be7 4. Nf3 Nf6 5. Bg5 h6 6. Bh4 O-O 7. e3 Ne4 8. Bxe7
Qxe7 9. Rc1 c6 10. Bd3 Nxc3 11. Rxc3 dxc4 12. Bxc4 Nd7 13. O-O b6 14. Qe2 Bb7
15. a3 Rfd8 16. Ba6 Bxa6 17. Qxa6 c5 18. Qb7 Qd6 19. Qe4 Rab8 20. Qc2 Qd5 21. h3
Qd6 22. dxc5 bxc5 23. Rd1 Qb6 24. Rcd3 Nf6 25. Rxd8+ Rxd8 26. Rxd8+ Qxd8 27.
Qxc5 Qd1+ 28. Kh2 Ne4 29. Qxa7 Nxf2 30. Qb8+ Kh7 31. Qf4 f5 32. Ng5+ hxg5 33.
Qxf2 Qb3 34. Qe2 Kg6 35. e4 fxe4 36. Qxe4+ Kh6 37. Qe5 Kh7 38. Qd4 Qb8+ 39. Kh1
g4 40. hxg4 Qb3 41. Kg1 Kg8 42. Kf2 Qc2+ 43. Kf3 Qb3+ 44. Qc3 Qd1+ 45. Kg3 Qd6+
46. Kh3 e5 47. Qc8+ Kh7 48. Qf5+ g6 49. Qe4 Qc5 50. g5 Qb5 51. b4 Qa6 52. Qf3
Qc8+ 53. Kh2 Qc4 54. Qb7+ Kg8 55. Qb8+ Kh7 56. Qxe5 Kg8 57. b5 Qh4+ 58. Kg1 Qa4
59. b6 Qxa3 60. Qb8+ Kh7 61. Qa7+ 1-0